ბათუმის შოთა რუსთაველის სახელმწიფო უნივერსიტეტის ბიბლიოთეკა

კოპიუტერული ქსლების აგების პრინციპები : ლექციების კონსპექტი / (ბიბ.ჩანაწერი № 38555)

000 -ლიდერი
ფიქსირებული სიგრძის საკონტროლო ველი 00889nam a2200205Ia 4500
001 - საკონტროლო ნომერი
საკონტროლო ველი 4656
003 - საკონტროლო ნომრის იდენტიფიკატორი
საკონტროლო ველი GE_BSU
005 - ბოლო ოპერაციის თარიღი და დრო
საკონტროლო ველი 20190514181917.0
008 - ფიქსირებული სიგრძის მონაცემთა ელემენტები - ზოგადი ინფორმაცია
ფიქსირებული სიგრძის საკონტროლო ველი 181216s2003||||ge |||||||||||||| ||geo||
040 ## - კატალოგიზაციის წყარო
Transcribing agency GE_BSU
041 ## - ენის კოდი
Language code of text/sound track or separate title geo
080 ## - უნივერსალური ათობითი კლასიფიკაციის ინდექსი
Universal Decimal Classification number 004(075.8) ბ–97
100 ## - მთავარი ჩანაწერი - პიროვნების სახელი
Personal name ბურკაძე, ანზორ
9 (RLIN) 1132
245 ## - ცნობა სათაურის შესახებ
Title კოპიუტერული ქსლების აგების პრინციპები : ლექციების კონსპექტი /
Statement of responsibility, etc ანზორ ბურკაძე ; ტატიანა ბურკაძე.
264 ## - წარმოების, გამოცემის, დისტრიბუციის და სხვა ცნობები
გამოცემის, წარმოების, დისტრიბუციის... ადგილი თბილისი,
გამოცემის, წარმოების, დისტრიბუციის... თარიღი 2003.
300 ## - ფიზიკური აღწერა
Extent 81გვ . ;
Dimensions 20 სმ.
653 ## - INDEX TERM--UNCONTROLLED
Uncontrolled term კოპიუტერული ქსლების აგების პრინციპები
700 ## - ADDED ENTRY--PERSONAL NAME
Personal name ბურკაძე, ტატიანა
9 (RLIN) 1133
942 ## - ADDED ENTRY ELEMENTS (KOHA)
Koha item type წიგნი
Source of classification or shelving scheme
ეგზემპლარები
ჩამოწერის სტატუსი დაკარგული ეგზემპლარის სტატუსი კლასიფიკაციის წყარო ან თაროზე გაწყობის სქემა დაზიანების სტატუსი არ გაიცემა მუდმივი მდებარეობა (დაცვის ადგილი) ამჟამინდელი ადგილსამყოფელი თაროზე განთავსების ადგილი შეძენის თარიღი ღირებულება, შესყიდვის ნორმალური ფასი სრული შენახვის შიფრი შტრიხკოდი ბოლო ოპერაციის თარიღი ეგზემპლარის მიმდევრობითი ნომერი (კეტერი?) ფასის ძალაში შესვლის თარიღი ეგზემპლარის სახეობა საჯარო შენიშვნა
          ტექნოლოგიური ფაკულტეტის ბიბლიოთეკა ტექნოლოგიური ფაკულტეტის ბიბლიოთეკა წიგნსაცავი 2018-12-17 10.00 004(075.8) ბ–97 8451 2018-12-17 8451 2018-12-17 წიგნი 10 ლ.
          ტექნოლოგიური ფაკულტეტის ბიბლიოთეკა ტექნოლოგიური ფაკულტეტის ბიბლიოთეკა წიგნსაცავი 2018-12-17 10.00 004(075.8) ბ–97 8453 2018-12-17 8453 2018-12-17 წიგნი 10 ლ.
          ტექნოლოგიური ფაკულტეტის ბიბლიოთეკა ტექნოლოგიური ფაკულტეტის ბიბლიოთეკა წიგნსაცავი 2018-12-17 10.00 004(075.8) ბ–97 8452 2018-12-17 8452 2018-12-17 წიგნი 10 ლ.
          ტექნოლოგიური ფაკულტეტის ბიბლიოთეკა ტექნოლოგიური ფაკულტეტის ბიბლიოთეკა წიგნსაცავი 2019-05-31 10.00 004(075.8) ბ–97 9957 2019-05-31 9957 2019-05-31 წიგნი 10 ლ.
          ტექნოლოგიური ფაკულტეტის ბიბლიოთეკა ტექნოლოგიური ფაკულტეტის ბიბლიოთეკა წიგნსაცავი 2019-05-31 10.00 004(075.8) ბ–97 9958 2019-05-31 9958 2019-05-31 წიგნი 10 ლ.
          ტექნოლოგიური ფაკულტეტის ბიბლიოთეკა ტექნოლოგიური ფაკულტეტის ბიბლიოთეკა წიგნსაცავი 2019-05-31 10.00 004(075.8) ბ–97 9959 2019-05-31 9959 2019-05-31 წიგნი 10 ლ.
          ტექნოლოგიური ფაკულტეტის ბიბლიოთეკა ტექნოლოგიური ფაკულტეტის ბიბლიოთეკა წიგნსაცავი 2019-05-31 10.00 004(075.8) ბ–97 9960 2019-05-31 9960 2019-05-31 წიგნი 10 ლ.